| Tag |
First Indicator |
Second Indicator |
Subfields |
| LEADER |
00000cam a2200000 4500 |
| 001 |
in00000057929 |
| 005 |
20151008050946.0 |
| 008 |
780731s1957 mou 00000 eng u |
| 035 |
|
|
|a (OCoLC)04096949
|
| 035 |
|
|
|9 AAG4584AM
|
| 040 |
|
|
|c OUP
|d TXA
|d UtOrBLW
|
| 049 |
|
|
|a TXAM
|c [288863]
|
| 090 |
|
|
|a BV4501.2
|b .P46 1957
|
| 092 |
|
|
|a 248
|b P422r
|
| 100 |
1 |
|
|a Pepler, Conrad,
|d 1908-
|
| 245 |
1 |
0 |
|a Riches despised ;
|b a study of the roots of religion.
|
| 264 |
|
1 |
|a St. Louis :
|b Herder,
|c [1957]
|
| 300 |
|
|
|a 181 pages ;
|c 19 cm.
|
| 336 |
|
|
|a text
|b txt
|2 rdacontent
|
| 337 |
|
|
|a unmediated
|b n
|2 rdamedia
|
| 338 |
|
|
|a volume
|b nc
|2 rdacarrier
|
| 650 |
|
0 |
|a Christian life.
|
| 999 |
|
|
|a MARS
|
| 999 |
f |
f |
|s 0a36d2c5-57ff-3997-a28a-270fabfa59cc
|i bdcda544-31f0-3a93-8028-532b02650804
|t 0
|
| 952 |
f |
f |
|p ric
|a Texas A&M University
|b Rellis Campus
|c Joint Library Facility
|d Remote Storage
|t 0
|e BV4501.2 .P46 1957
|h Library of Congress classification
|i unmediated -- volume
|m A14800611206
|
| 998 |
f |
f |
|a BV4501.2 .P46 1957
|t 0
|l Remote Storage
|